000 00455nam a22001817a 4500
999 _c6940
_d6938
005 20210904120818.0
008 200608b xxu||||| |||| 00| 0 eng d
020 _a9789388437264
041 _aeng
082 _a344.5409
100 _aMYNENI, DR. S.R
_95878
245 _aLEGAL LANGUAGE AND LEGALWRITING (ENGLISH FOR LAW)
250 _a2ND ED. 2019
260 _aHYDERABAD
_bASIA LAW HOUSE
300 _a574;p
650 _aLAW
_95701
942 _cBK